The boundary value problems of mathematical physics /

Guardado en:
Autor Principal: Ladyzhenskaia, O. A.
Formato: Libro
Idioma:English
Russian
Publicado: New York : Springer-Verlag, c1985.
Series:Applied mathematical sciences (Springer-Verlag New York Inc.) ; v. 49.
Materias:
Etiquetas: Agregar Etiqueta
Sin Etiquetas, Sea el primero en etiquetar este registro!
LEADER 01248pam a2200277 a 4500
001 MAT.inmabb003537
008 840124s1985####nyu######b####001#0#eng##
005 20130318150355.0
245 1 4 |a The boundary value problems of mathematical physics /  |c O. A. Ladyzhenskaya ; translated by Jack Lohwater. 
260 |a New York :  |b Springer-Verlag,  |c c1985. 
300 |a xxx, 322 p. ;  |c 24 cm. 
490 1 |a Applied mathematical sciences ;  |v v. 49 
500 |a Traducción de: Kraevye zadachi matematicheskoi fiziki. Moscow : Nauka, 1973. 
504 |a Bibliografía: p. [309]-320. 
505 0 |a 1. Preliminary considerations -- 2. Equations of elliptic type -- 3. Equations of parabolic type -- 4. Equations of hyperbolic type -- 5. Some generalizations -- 6. The method of finite differences. 
510 4 |a MR,  |c 87f:35001 
100 1 |a Ladyzhenskaia, O. A.  |q (Ol´ga Aleksandrovna) 
240 1 0 |a Kraevye zadachi matematicheskoi fiziki.  |l Inglés 
830 0 |a Applied mathematical sciences (Springer-Verlag New York Inc.) ;  |v v. 49. 
650 0 |a Boundary value problems. 
650 0 |a Mathematical physics. 
084 |a 35-01  |2 msc2000 
010 |a  84001293  
040 |a DLC  |c DLC  |d DLC 
041 1 |a eng  |h rus 
859 |h 35  |i L157  |p A-5670  |b BIB. MATEMATICA